Los Progresos de la clínica / (Record no. 1693)

MARC details
000 -LEADER
campo de control de longitud fija 01138nas a2200313 i 4500
001 - NÚMERO DE CONTROL
campo de control 1693
003 - IDENTIFICADOR DE NÚMERO DE CONTROL
campo de control ES-MaACL
005 - FECHA Y HORA DE LA ÚLTIMA TRANSACCIÓN
campo de control 20250807062537.0
007 - CAMPO FIJO DE DESCRIPCIÓN FÍSICA--INFORMACIÓN GENERAL
campo de control de longitud fija t|
008 - DATOS DE LONGITUD FIJA--INFORMACIÓN GENERAL
campo de control de longitud fija 950801d19131936sp m| | 1 ||pa d
022 ## - NÚMERO INTERNACIONAL NORMALIZADO PARA PUBLICACIONES SERIADAS
Número Internacional Normalizado para Publicaciones Seriadas 1131-4664
080 ## - NÚMERO DE LA CLASIFICACIÓN DECIMAL UNIVERSAL
Número de la Clasificación Decimal Universal 61
245 04 - MENCIÓN DEL TÍTULO
Título Los Progresos de la clínica /
Mención de responsabilidad, etc. dir., Luis Guedea y Calvo, Antonio Simonena y Zabalegui.
260 ## - PUBLICACIÓN, DISTRIBUCIÓN, ETC.
Lugar de publicación, distribución, etc. Madrid :
Nombre del editor, distribuidor, etc. [Progresos de la Clínica],
Fecha de publicación, distribución, etc. 1913-1936 (
Fabricante Imp. Alemana)
300 ## - DESCRIPCIÓN FÍSICA
Extensión 38 v. :
Otras características físicas il. ;
Dimensiones 29 y 22 cm.
310 ## - PERIODICIDAD ACTUAL
Periodicidad actual Mensual
362 0# - FECHAS DE PUBLICACIÓN Y/O DESIGNACIÓN SECUENCIAL
Fecha de publicación y/o designación secuencial Año 1, t. 1, n. 1 (en. 1913)-año 24, t. 44, n.295 (jul. 1936)
500 ## - NOTA GENERAL
Nota general Desde 1927 se publica solamente un tomo de en. a dic.
650 #7 - PUNTO DE ACCESO ADICIONAL DE MATERIA--TÉRMINO DE MATERIA
Término de materia o nombre geográfico como elemento de entrada Medicina
Fuente del encabezamiento o término embne
9 (RLIN) 14891
700 1# - ENTRADA AGREGADA--NOMBRE PERSONAL
Nombre de persona Guedea y Calvo, Luis,
Término indicativo de función/relación
9 (RLIN) 60402
700 1# - ENTRADA AGREGADA--NOMBRE PERSONAL
Nombre de persona Simonena y Zabalegui, Antonio.
9 (RLIN) 106567
700 1# - ENTRADA AGREGADA--NOMBRE PERSONAL
Nombre de persona Jiménez García, Ramón.
9 (RLIN) 66530
700 1# - ENTRADA AGREGADA--NOMBRE PERSONAL
Nombre de persona Peña y Díaz, Leonardo de la,
Fechas asociadas al nombre 1875-1957
9 (RLIN) 90232
700 1# - ENTRADA AGREGADA--NOMBRE PERSONAL
Nombre de persona Verdes Montenegro, José,
Fechas asociadas al nombre 1866-1942
9 (RLIN) 114026
700 1# - ENTRADA AGREGADA--NOMBRE PERSONAL
Nombre de persona Ramón y Cajal, Santiago,
Fechas asociadas al nombre 1852-1934
9 (RLIN) 226468
852 4# - LOCALIZACIÓN
Ubicación ES-MaACL
Número de control de estantería Hem-216
866 #0 - MENCIÓN TEXTUAL DE FONDOS--UNIDAD BIBLIOGRÁFICA BÁSICA
Fondos 1913-15(1916f.feb.y abril)1917-36
Holdings
Estatus retirado Estado de pérdida Estado de daño No para préstamo Colección Biblioteca de origen Biblioteca actual Ubicación en estantería Fecha de adquisición Fuente de adquisición Total de préstamos Signatura topográfica completa Código de barras Visto por última vez Precio de reemplazo Tipo de ítem Koha
        Periódicos y Revistas Biblioteca del Ateneo de Madrid Biblioteca del Ateneo de Madrid Depósito 1 17/01/2008     Hem-216 1001729 23/02/2023 23/02/2023 Revista